MDQL
is popping MORE tags! Check the
thread
!
Quizzes
Events
Quiz Creation
Community
Videos
Private Events
Remove Ads
Sign In
Join for FREE
Feedback
Dark Mode
Quiz Categories
Sports
Geography
Music
Movies
Television
Just For Fun
Miscellaneous
History
Literature
Language
Science
Gaming
Entertainment
Religion
Holiday
For Kids
Quiz Lab
Recent
Popular Today
Quiz Kudos Today
Editor Picks
Curator Picks
Quizzes by...
Day
Popularity
Type
Ratings
Length
Year
Community
Subscriptions
Recent Discussions
Orange Saloon
Badges
Playlists
Quests
Create
Leaderboards
Showdown
Live 5
Trivia Bingo
Activity
Puzzle Library
Sporcle Events
Private Events
Virtual Trivia
Globe League
Become a Host
Pub Owners
SporcleCon
Opinionation
Our Games
Videos
Blog
Mobile Apps
Partnerships
Remove Ads and Go Orange
Feedback
Television
TV Characters
TV Show
Sitcom
Network
Friends
Reality Shows
Cast
South Park
Star Trek
The Simpsons
Doctor Who
Television
TV Characters
TV Show
Sitcom
Network
Friends
Reality Shows
Cast
South Park
Star Trek
The Simpsons
Doctor Who
Random Quiz
Search Sporcle
×
Quiz Lab
Quiz Lab
Television
Awards Hosts
Type in answers that appear in a list
Type in answers that appear in a list
Classic
Best Score? Go Orange.
KCA Hosts Stats
Can you name the hosts of the Kids' Chocie Awards?
By
Tunnelofglove
10m
41 Questions
72 Plays
72 Plays
72 Plays
Comments
Comments
Give Quiz Kudos
Give Quiz Kudos
-
- Ratings
hide this ad
Replay
Link that replays current quiz
Next Quiz
Link to next quiz in quiz playlist
You Got
0%
They Got
Avg Score
28%
Avg Friend Score
Upgrade to see
Score Distribution
Jump to the score distribution portion of the page
Score
0/41
Timer
10:00
0
Plays Today
Year
Host
% Correct
2006
Jack Black
86.1%
2008
Jack Black
86.1%
2011
Jack Black
86.1%
1996
Rosie O' Donnell
44.4%
1997
Rosie O' Donnell
44.4%
1998
Rosie O' Donnell
44.4%
1999
Rosie O' Donnell
44.4%
2000
Rosie O' Donnell
44.4%
2001
Rosie O' Donnell
44.4%
2002
Rosie O' Donnell
44.4%
2003
Rosie O' Donnell
44.4%
2010
Kevin James
43.1%
2007
Justin Timberlake
41.7%
2009
Dwayne Johnson
38.9%
2004
Cameron Diaz
27.8%
2004
Mike Myers
27.8%
2005
Ben Stiller
26.4%
1995
Whitney Houston
20.8%
1996
Whitney Houston
20.8%
1988
Tony Danza
18.1%
1990
Candace Cameron
16.7%
Year
Host
% Correct
1994
Candace Cameron
16.7%
2000
Mandy Moore
16.7%
1988
Dan Schneider
15.3%
1993
Tori Spelling
15.3%
2000
Frankie Muniz
15.3%
1988
Debbie Gibson
13.9%
1989
Wil Wheaton
13.9%
1991
Corin Nemec
13.9%
1992
Paula Abdul
13.9%
1993
Brian Austin Green
13.9%
1994
Joey Lawrence
13.9%
2000
LL Cool J
13.9%
1989
Nicole Eggert
12.5%
1990
Dave Coulier
12.5%
1993
Holly Robinson
12.5%
2000
David Arquette
12.5%
1995
Rick Adams
11.1%
1988
Brian Robbins
9.7%
1994
Marc Weiner
9.7%
1990
David Faustino
8.3%
Quiz Playlist
Details
Report
Send in Message
Add To Playlist
Classic:
Type in answers that appear in a list
Quiz Source
Last Updated: Feb 16, 2017
Quiz Scoreboard
CHALLENGE
Sign Up to Join the Scoreboard
Show All
Scores
Hide
Comments
May contain spoilers
Recently Published
1-10 Letter E Words III
by El_Dandy
Language
2m
Street Fighter Characters
by Artimus82
Gaming
60s
College Basketball Coaching Resumes
by pancakes188
Sports
9m
More to Explore
Quiz From the Vault
Featured Blog Post
Where Did the Easter Bunny Come From?
hide this ad
You Might Also Like...
Tags
Awards Hosts
Award Shows
Nickelodeon
Today's Top Quizzes in Television
Browse Television
hide this ad
Top Contributed Quizzes in Television
1
Survivor Journey Challenge
2
Adjectives in 80s TV Shows
3
Adjectives in 00s TV Shows
4
5-to-1: The Simpsons Families
5
Adjectives in 10s TV Shows
6
5-to-1: Television Doctors
7
7-to-1: TV Show Settings
8
Adjectives in 70s TV Shows
9
5-to-1: Streaming Originals
10
Survivor Seasons
Explore More
Trending Topics
NBA
Marvel
Kpop
Anime
Crossword
Harry Potter
Disney
Soccer
The Office
Puzzle
Pokémon
Song
NFL
Country
WWE
hide this ad
More By:
Tunnelofglove
Quiz
Plays
Rating
Category
Featured
Created
Every Single Power Ranger
6,112
4.40
Television
May 13, 2011
Power Rangers by Fun Fact
2,682
4.25
Television
Jun 2, 2011
Super Smash Bros. Characters by Scribblenauts Names
1,898
2.78
Gaming
Feb 14, 2012
Power Rangers Pilots
1,358
5.00
Television
Jul 28, 2011
Nickelodeon Movies
746
3.67
Movies
Mar 23, 2011
Go to Creator's Profile
Score Distribution
Quiz Creator Spotlight
Tunnelofglove
Follow
Send a Message
Quizzes Created
-
Created Quiz Play Count
-
More By This Creator
Popular Quizzes Today
1
Find the US States - No Outlines Minefield
2
Find the Countries of Europe - No Outlines Minefield
3
Find the US States
4
The Countries of the World
5
Risky Map Clicking: Biggest States A-Z
6
US States
7
Popular People in 1961
8
Movies - When Are They Set?
More Television Quizzes
TV Characters in Song Titles III
Quiz Lab
Trending Quizzes
Risky Map Clicking: Least Populous States A-Z
1-10 Letter G Words
1-10 Letter F Words
Countries of the World: 200 Million BC
Risky Map Clicking: Next State Alphabetically
Recently Updated
Rides in Walt Disney World
pecheneg
Most Oscar Losses (Acting)
pecheneg
Beyoncé Albums
pecheneg
Leaping Animals
pecheneg
Reality TV Shows (A-Z)
bhenderson79
Rickey Henderson's Hall of Fame Teammates
pecheneg
Champions League XIs: Arsenal
pecheneg
Quick Pick: Celebrities in WWE's Hall of Fame
aduchscher
A-Z Keypad Blitz II
pecheneg
Trending Topics
Marvel
Anime
Disney
NBA
Kpop
Crossword
Harry Potter
Pokémon
WWE
The Office
Puzzle
NFL
Country
Song
Soccer
Your Account Isn't Verified!
In order to create a playlist on Sporcle, you need to verify the email address you used during registration. Go to your
Sporcle Settings
to finish the process.
Report this User
Report this user for behavior that violates our
Community Guidelines
.
Details:
Send Report
Go to the Sporcle.com Mobile Site →
Comments